| 000 | 00980nam a22003017a 4500 | ||
|---|---|---|---|
| 001 | BR8801410 | ||
| 003 | BR-BrBNA | ||
| 005 | 20230928092849.0 | ||
| 007 | ta | ||
| 008 | 230509b bl.||||| |||| 00| 0 por d | ||
| 040 |
_aBR-BrBNA _bpor _cBiblioteca Nacional de Agricultura |
||
| 041 | _a(Por) | ||
| 072 |
_aH10 _b2760 _b4020 |
||
| 090 | _ 2760 BR8801410 | ||
| 100 | 1 | _aBarradas, H. | |
| 110 | 1 |
_aDepartamento Nacional da Producao Vegetal, Rio de Janeiro, GB (Brasil). Servico de Fomento da Producao Vegetal _93242 |
|
| 245 | 1 | _aContribuicao ao estudo das pragas do tabaco, a paquinha (Neuocurtilla hexadactyla - Perty)um inimigo implacavel e perigoso, sua identificacao e possiveis meios de combate-lo | |
| 250 | 1 | _a2. ed. | |
| 260 | 3 |
_aRio de Janeiro, GB (Brasil): _c1938. |
|
| 300 | _a16 p. | ||
| 500 | _a14 illus. | ||
| 650 | _aFUMO | ||
| 650 | _aINSETO | ||
| 650 | _aBIOLOGIA | ||
| 650 | _aERRADICACAO | ||
| 909 |
_a202309 _bLucia _c55 _dLucia Elande |
||
| 942 | _cBK | ||
| 999 |
_c41641 _d41641 |
||